Who needs it ? : (Record no. 3422)

000 -LEADER
fixed length control field 00580nam a2200229 a 4500
006 - FIXED-LENGTH DATA ELEMENTS--ADDITIONAL MATERIAL CHARACTERISTICS--GENERAL INFORMATION
fixed length control field a||||gr|||| 001 0
007 - PHYSICAL DESCRIPTION FIXED FIELD--GENERAL INFORMATION
fixed length control field ta
008 - FIXED-LENGTH DATA ELEMENTS--GENERAL INFORMATION
fixed length control field 050831s2003 xxka gr 001 0 eng d
040 ## - CATALOGING SOURCE
Original cataloging agency IMU Kochi Library
Language of cataloging eng
041 0# - LANGUAGE CODE
Language code of text/sound track or separate title eng
044 ## - COUNTRY OF PUBLISHING/PRODUCING ENTITY CODE
MARC country code United Kingdom
082 00 - DEWEY DECIMAL CLASSIFICATION NUMBER
Edition number 23
Classification number 623.888
Item number V6687
100 1# - MAIN ENTRY--PERSONAL NAME
Personal name Chater, Kathy
245 10 - TITLE STATEMENT
Title Who needs it ? :
Sub Title personal protective equipment /
260 ## - PUBLICATION, DISTRIBUTION, ETC. (IMPRINT)
Place of publication, distribution, etc London :
Name of publisher, distributor, etc videotel ,
Date of publication, distribution, etc 1997
300 ## - PHYSICAL DESCRIPTION
Extent 30 p. :
Other physical details ill. ;
Dimensions 30 cm.
440 ## - SERIES STATEMENT/ADDED ENTRY--TITLE
Title Loss Prevention Guides
504 ## - BIBLIOGRAPHY, ETC. NOTE
Bibliography, etc Includes index.
852 ## - LOCATION/CALL NUMBER
Location IMU Kochi Library
904 ## - LOCAL DATA ELEMENT D, LDD (RLIN)
CATALOGER Akhil Bose
942 ## - ADDED ENTRY ELEMENTS (KOHA)
Item type Gratis Books
Holdings
Withdrawn status Lost status Source of classification or shelving scheme Damaged status Not for loan Collection code Permanent location Current location Shelving location Date acquired Source of acquisition Barcode Date last seen Koha item type
          Nautical Science IMU Kochi Library IMU Kochi Library Reference 2024-02-05 Donated by Capt. Unnikrishnan G. G0224 2025-03-24 Gratis Books


Copyright © All Rights Reserved by Indian Maritime University, Kochi Campus.
For any Suggestions/Query Contact to library or Email: library.kochi@imu.ac.in Ph:(0484)-2989402
(Web OPAC Designed by Rudra Ranjan. Maintained by IMU Kochi Library)

Powered by Koha